Собрание сочинений. Т. 2 (Запись № 7924033)

Подробности
000 -МАРКЕР
контрольное поле 01481nam2a22002891 4500
001 - ИДЕНТИФИКАТОР ЗАПИСИ
контрольное поле rc\139190
005 - ИДЕНТИФИКАТОР ВЕРСИИ
контрольное поле 20250612180632.0
010 ## - МЕЖДУНАРОДНЫЙ СТАНДАРТНЫЙ НОМЕР КНИГИ (ISBN)
Номер (ISBN) 5-7041-0052-X
035 ## - ДРУГИЕ СИСТЕМНЫЕ НОМЕРА
Идентификатор записи (NLR Aleph) 008771006
100 ## - ДАННЫЕ ОБЩЕЙ ОБРАБОТКИ
Данные общей обработки 20030307d1996 |||y0rusy50 ca
101 0# - ЯЗЫК РЕСУРСА
Язык текста, звукозаписи и т.д. русский
102 ## - СТРАНА ПУБЛИКАЦИИ ИЛИ ПРОИЗВОДСТВА
Страна публикации Российская Федерация
105 ## - ПОЛЕ КОДИРОВАННЫХ ДАННЫХ: ТЕКСТОВЫЕ МАТЕРИАЛЫ, МОНОГРАФИЧЕСКИЕ
Кодированные данные о монографическом текстовом документе a |||||||||
200 0# - ЗАГЛАВИЕ И СВЕДЕНИЯ ОБ ОТВЕТСТВЕННОСТИ
Основное заглавие Т. 2
215 ## - ФИЗИЧЕСКАЯ ХАРАКТЕРИСТИКА
Специфическое обозначение материала и объем 541, [2] с.
Другие сведения о физической характеристике ил.
327 1# - ПРИМЕЧАНИЯ О СОДЕРЖАНИИ
Текст примечания Содерж.: Романы: Ведьмино логово; Череда самоубийств; Табакерка императора
461 #0 - УРОВЕНЬ НАБОРА
Встроенное поле 001rc\139188
-- 2001#$aСобрание сочинений$eВ 3 т.$e[Пер. с англ.]$fДжон Диксон Карр$g[Ред. совет: Кузин В. Н. и др.$gВступ. ст. О. Алякринского$gХудож. Ким А.]$vТ. 2
-- 700#1$aКарр$bД. Д.$gДжон Диксон$f1906-1977$3RU\NLR\AUTH\7712532
Системный номер (АБИС) связанной записи 7857986
Автор Карр, Д.Д. (1906-1977)
Место публикации М.
Дата публикации 1996
Первые сведения об ответственности Джон Диксон Карр
Имя издателя, распространителя и т.д. Прибой
Сведения, относящиеся к заглавию В 3 т. : [Пер. с англ.]
Заглавие Собрание сочинений
Номер тома Т. 2
464 #0 - АНАЛИТИЧЕСКИЙ УРОВЕНЬ
Встроенное поле 2001#$aВедьмино логово
Заглавие Ведьмино логово
464 #0 - АНАЛИТИЧЕСКИЙ УРОВЕНЬ
Встроенное поле 2001#$aЧереда самоубийств
Заглавие Череда самоубийств
464 #0 - АНАЛИТИЧЕСКИЙ УРОВЕНЬ
Встроенное поле 2001#$aТабакерка императора
Заглавие Табакерка императора
801 #0 - ИСТОЧНИК ЗАПИСИ
Страна Российская Федерация
Организация NLR
Правила каталогизации psbo
801 #1 - ИСТОЧНИК ЗАПИСИ
Страна Российская Федерация
Организация ELAR
Источник данных rusmarc
852 ## - МЕСТОНАХОЖДЕНИЕ И ШИФР ХРАНЕНИЯ
Идентификатор организации NLR
Шифр хранения (Call Number) 96-3/3328
942 ## - ДОПОЛНИТЕЛЬНЫЕ ЭЛЕМЕНТЫ ЗАПИСИ (АБИС)
Тип экземпляра АБИС Книга
980 ## - КОЛЛЕКЦИЯ
Название коллекции Национальная библиография
Экземпляры
Тип экземпляра Дата поступления Библиотека постоянного хранения Библиотека текущего хранения Место хранения Шифр хранения Штрих-код Статус экземпляра
Книга 26.10.2013 РНБ (Московский) РНБ (Московский) Русский книжный фонд: издания с 1957 года 96-3/3328 8771006-10